| 000 | 00535nam a2200181Ia 4500 | ||
|---|---|---|---|
| 003 | GCL | ||
| 008 | 140319s9999 xx 000 0 ara d | ||
| 040 |
_aGCL / _cGCL |
||
| 082 | 0 | 4 |
_a347 _bا ق |
| 100 | 1 | _aامينة مصطفى النمر | |
| 245 | 1 | 0 |
_aقوانين المرافعات / _cامينة مصطفى النمر |
| 260 |
_a[S.N] : _bمنشاة المعارف الاسلامية ، _c1982 |
||
| 300 | _a614 ص | ||
| 490 | _a | ||
| 650 | 0 | 4 | _aالقانون |
| 650 | 0 | 4 | _aقانون المرافعات |
| 942 |
_2ddc _cBK |
||
| 999 |
_c29358 _d29358 |
||